|
|
|
|
| LEADER |
00000nab a2200000 a 4500 |
| 001 |
vtls000344881 |
| 003 |
SK-MaSNL |
| 005 |
20260303171656.0 |
| 008 |
111202c1988 xo 0 cze |
| 015 |
|
|
|a SNBRA19rr/mm-uuuuu
|
| 035 |
|
|
|a CL0345003
|
| 040 |
|
|
|a SNKBUCL
|b slo
|c SNKBUCL
|e AACR2
|
| 041 |
0 |
|
|a cze
|
| 044 |
|
|
|a xo
|c SK
|
| 080 |
|
|
|a 658.516
|2 1981
|
| 080 |
|
|
|a 331.015.14
|2 1981
|
| 080 |
|
|
|a 620.9
|2 1981
|
| 080 |
|
|
|a 658.58
|2 1981
|
| 100 |
1 |
|
|a Svoboda, Jan
|4 aut
|9 276686
|
| 245 |
1 |
0 |
|a Racionalizace práce v údržbě elektráren
|c Jan Svoboda
|
| 300 |
|
|
|b Tb. 1. Príl. 2.
|
| 650 |
0 |
7 |
|a energetika
|2 SNKPH
|9 3680
|
| 650 |
0 |
7 |
|a energetické zariadenia
|2 SNKPH
|9 69243
|
| 650 |
0 |
7 |
|a údržba strojov
|2 SNKPH
|9 3533
|
| 650 |
0 |
7 |
|a opravárstvo
|2 SNKPH
|9 166165
|
| 650 |
0 |
7 |
|a racionalizácia práce
|2 SNKPH
|9 295316
|
| 655 |
|
7 |
|a články zo zborníkov
|2 SNKPH
|9 166140
|
| 773 |
0 |
|
|t Racionalizácia a motivácia práce v energetike
|d Bratislava : Dom techniky ČSVTS, 1988
|g S. 20-25
|
| 850 |
|
|
|a Slovenská národná knižnica v Martine
|a MTA001
|
| 852 |
|
|
|a SNK
|b KIS3GCP
|
| 958 |
|
|
|a RK
|
| 992 |
|
|
|a RZB
|
| 999 |
|
|
|c 2082811
|d 2084741
|